New York Cities in 1 minute - Statistics

General Stats
  • This quiz has been taken 71 times
    65 since last reset
  • The average score is 6 of 10
Answer Stats
Hint Answer % Correct
1 New York
100%
2 Buffalo
88%
6 Albany
86%
3 Rochester
73%
5 Syracuse
66%
4 Yonkers
47%
10 Utica
42%
7 New Rochelle
24%
9 Schenectady
17%
8 Mount Vernon
14%
No matching quizzes found
Score Distribution
Percent of People with Each Score
Percentile by Number Answered
Your Score History
You have not taken this quiz since the last reset